000 00742cam a22002292 4500
001 0000001690
005 20151021152552.0
008 070322s xx 000 0 eng d
020 _c0273032690
040 _aKABU
_cKABU
050 0 _aHD30.3
_b.E93 1990
100 1 _aEvans, Desmond W.
_@0000150640
245 1 0 _aPeople, communication and organisations /
_cDesmond W. Evans.
250 _a2nd ed.
260 _aLondon :
_bPrentice Hall,
_c1990.
300 _avii, 360 p.
650 0 _aCommunication in organizations.
_@0000150641
852 1 _9p1500 KES
852 1 _9p1500 KES
908 _a070322
950 _@1
999 _c1492
_d1492